| 000 | 00609nmm a2200169Ia 4500 | ||
|---|---|---|---|
| 008 | 251105s9999||||xx |||||||||||||||||und|| | ||
| 020 | _a9788499402901 | ||
| 041 | _aspa | ||
| 100 | _aFelice, Domenico | ||
| 245 | 0 |
_aLos orígenes de la ciencia política contemporánea : _b Despotismo y libertad en el Esprit des lois de Montesquieu |
|
| 264 |
_a[Madrid, España] : _bBiblioteca Nueva, _c2012 |
||
| 300 | _a240 páginas | ||
| 490 | _aBiblioteca Saavedra Fajardo de pensamiento político | ||
| 650 | _aPolitical Science (General) | ||
| 856 | _uhttps://public.digitaliapublishing.com/a/18735 | ||
| 942 | _cCF | ||
| 999 |
_c92679 _d92679 |
||